| 000 | nam a22 7a 4500 | ||
|---|---|---|---|
| 999 |
_c126813 _d126813 |
||
| 008 | 170829b xxu||||| |||| 00| 0 eng d | ||
| 050 | _aDS119.7.V646 | ||
| 100 |
_a Ray O Light _935336 |
||
| 245 |
_aVictory to the Palestinian revolution _bSelected writings on the Middle East _c/ Ray O. Light |
||
| 260 |
_bA Ray O. Light Publication _c1983 |
||
| 300 |
_avii, 84p. ; _c22cm. |
||
| 650 |
_aIsrael _xArab Wars _935337 |
||
| 650 |
_aPalestine Arabs _xWars _935338 |
||
| 942 |
_2lcc _cMONOGRAPH |
||